| 000 | 00885 a2200253 4500 | ||
|---|---|---|---|
| 003 | Nust | ||
| 005 | 20170207164714.0 | ||
| 010 | _a 97016040 | ||
| 020 | _a0195110099 (cloth) | ||
| 040 | _cNust | ||
| 082 | 0 | 0 | _a621.382 |
| 100 | 1 | _aLathi, B. P. | |
| 245 | 1 | 0 |
_aModern digital and analog communication systems /(E BOOK) _cB.P. Lathi. |
| 250 | _a3rd ed. | ||
| 260 |
_aNew York : _bOxford University Press, _c1998. |
||
| 300 |
_axiii, 781 p. : _bill. ; _c25 cm. |
||
| 440 | 4 | _aThe Oxford series in electrical and computer engineering | |
| 500 | _aE Book | ||
| 650 | 0 | _aDigital communications. | |
| 650 | 0 | _aStatistical communication theory. | |
| 650 | 0 | _aTelecommunication systems. | |
| 856 | 4 | 2 |
_3Publisher description _uhttp://www.loc.gov/catdir/enhancements/fy0605/97016040-d.html |
| 856 | 4 | 2 |
_3Table of contents only _uhttp://www.loc.gov/catdir/enhancements/fy0605/97016040-t.html |
| 942 |
_2ddc _cBK |
||
| 999 |
_c209697 _d209697 |
||